00576nam a2200181 a 450008200130000010000270001324500360004026000380007630000090011450000350012350500170015865000250017565000370020070000270023794200070026495201060027199900170037700a291bSCH aSchlette, Heinz Robert aTowards a Theology of Religions aNew YorkbHerder and Herderc1966 a151p aincludes index and biblioraphy2 aBibliography aComparative Religion aChristianity and Other Religions1 aSchlette, Heinz Robert cBK 00104070aHMIbHMId2008-05-26g100.00l2o291 SCHp015048r2023-04-17s2023-04-03w2026-01-16yEB c11023d11023